Admiralty jurisdiction and practice

Saved in:
Bibliographic Details
Main Author: Meeson, Nigel
Format: Book
Language:English
Published: London : New York : Lloyd's of London Press, 1993
Series:Lloyd's shipping law library
Subjects:
Tags: Add Tag
No Tags, Be the first to tag this record!

MARC

LEADER 00000cam a2200000 i 4500
001 1/8192
008 000626s1993 eng d
020 |a 1850443688 
035 |l 10062583 
040 |a GR-MY-UA  |b gre  |e aacr 
041 0 |a eng 
082 0 |a 344.20740269 
100 1 |a Meeson, Nigel. 
245 1 0 |a Admiralty jurisdiction and practice /  |c by Nigel Meeson ; foreword by the Honourable Mr. Justice Sheen 
260 |a London :   |a New York :   |b Lloyd's of London Press,   |c 1993 
300 |a lviii, 544 p.;  |c 25 cm. 
490 1 |a Lloyd's shipping law library 
500 |a Includes index 
650 0 0 |a Maritime law. 
650 0 0 |a Admiralty  |z Great Britain. 
830 0 |a Lloyd's shipping law library 
852 |a INST  |b CHIOS  |e 20000626  |h 344.20740269 MEE  |p 005200018233  |q 005200018233  |t BK  |y 0 
901 |a BIBL2-2000-2 
909 |a Χ  |b 075621 
970 |z 2000/06/ΜΠΡΑΤΤΗΣ